Preventing process problems.
Preventívny prístup k riešeniu problémov za účelom zlepšenia akosti produkcie použitím tzv. revízneho programu výrobného procesu. Podrobný popis realizácie revízneho programu od zostavenia revízneho tímu, vymedzenia výrobného procesu a revidovaných aspektov, až po jednotlivé kroky programu. Hlavné k...
Salvato in:
| Autore principale: | |
|---|---|
| Natura: | Capitolo di libro |
| Lingua: | inglese |
| Soggetti: | |
| Tags: |
Nessun Tag, puoi essere il primo ad aggiungerne!!
|
MARC
| LEADER | 00000naa a2200000 4500 | ||
|---|---|---|---|
| 001 | r002607 | ||
| 005 | 20220909074001.2 | ||
| 041 | 0 | |a eng | |
| 044 | |a US | ||
| 245 | 1 | 0 | |a Preventing process problems. |c G.E. Stevick |
| 520 | |a Preventívny prístup k riešeniu problémov za účelom zlepšenia akosti produkcie použitím tzv. revízneho programu výrobného procesu. Podrobný popis realizácie revízneho programu od zostavenia revízneho tímu, vymedzenia výrobného procesu a revidovaných aspektov, až po jednotlivé kroky programu. Hlavné kritériá prevencie problémov. Zapracovanie výsledkov programu do výrobného procesu. | ||
| 610 | 2 | 0 | |a proces výrobný |
| 610 | 2 | 0 | |a kvalita |
| 610 | 2 | 0 | |a programy výrobné |
| 610 | 2 | 0 | |a prevencia |
| 610 | 2 | 0 | |a predvídanie |
| 610 | 2 | 0 | |a riadenie kvality |
| 100 | 1 | |a Stevick, G.E. | |